Cities in North Carolina by picture - Statistics

General Stats
  • This quiz has been taken 29 times
  • The average score is 7 of 16
Answer Stats
Picture Answer % Correct
Charlotte
100%
Raleigh
91%
Asheville
83%
Durham
74%
Winston-Salem
74%
Wilmington
70%
Greensboro
57%
Fayetteville
35%
High Point
35%
Greenville
26%
Chapel Hill
22%
Concord
22%
Gastonia
4%
Holly Springs
0%
Huntersville
0%
Mooresville
0%
No matching quizzes found
Score Distribution
Percent of People with Each Score
Percentile by Number Answered
Your Score History
You have not taken this quiz